000 00509nam a2200157 4500
001 139914
003 ES-MaACL
005 20230906195938.0
007 t|
008 070214s1919 gw r ||||1| ger d
100 1 _aSchmid, Heinrich Alfred.
_9104451
245 1 0 _aArnold Böcklin
_b: 95 Tafeln in Farben-Druck, Kupferdruck und Mattautotypie /
_cvon Heinrich Alfred Schmid.
260 _aMünchen :
_bF. Bruckmann,
_c1919.
300 _a1 lám., 40 p., 95 lám. ;
_c30 x 23 cm.
852 _aES-MaACL
_jG-1642
999 _c139914
_d139914